000 00662nam a2200289Ia 4500
005 20260324115843.0
008 008 260324s9999 xx 000 0 eng d
020 _a9781315273860
037 _aEBOOK
040 _aCRL
040 _beng
040 _cCRL
041 _2eng
041 _aeng
084 _qCRL
100 _aDahai Liu
_91156260
245 0 _aSystems Engineering
245 0 _bDesign Principles and Models
260 _bTaylor and Francis
260 _c2016
365 _a
365 _b180
856 _uhttp://www.taylorfrancis.com/books/9781315273860
942 _cEBOOK
999 _c1747445
_d1747445